Pokémon-Capacités qui provoquent une altération de statut - Statistiques

Statistiques générales
  • Ce quiz a été pris 117 fois
    17 depuis la dernière actualisation
  • Le résultat moyen est 54 sur 100
Statistiques - réponses
Altération de statut Capacité % Correct
Brûlure Feu Follet
100%
Empoisonnement Bombe Beurk
92%
Brûlure Ebullition
92%
Paralysie Fatal Foudre
92%
Brûlure Flammèche
92%
Brûlure Lance-Flammes
92%
Gel Laser Glace
92%
Empoisonnement grave Toxik
92%
Sommeil Berceuse
83%
Gel Blizzard
83%
Brûlure Boutefeu
83%
Paralysie Cage-Eclair
83%
Empoisonnement Dard-Venin
83%
Paralysie Eclair
83%
Sommeil Hypnose
83%
Paralysie Para-Spore
83%
Brûlure Poing Feu
83%
Gel Poing Glace
83%
Sommeil Poudre Dodo
83%
Brûlure Roue de Feu
83%
Sommeil Trou Noir
83%
Empoisonnement grave Crochet Venin
75%
Brûlure Crocs Feu
75%
Paralysie Frotte-Frimousse
75%
Empoisonnement et Empoisonnement grave Pics Toxik
75%
Paralysie Poing-Eclair
75%
Empoisonnement Poudre Toxik
75%
Sommeil Repos
75%
Paralysie Tonnerre
75%
Brûlure | Gel | Paralysie Triplattaque
75%
Paralysie Crocs Eclair
67%
Gel Crocs Givre
67%
Brûlure Déflagration
67%
Empoisonnement Détricanon
67%
Empoisonnement Direct Toxik
67%
Paralysie Etincelle
67%
Gel Poudreuse
67%
Paralysie Regard Médusant
67%
Sommeil Spore
67%
Sommeil Bâillement
58%
Paralysie Coup d'Jus
58%
Empoisonnement Cradovague
58%
Empoisonnement Détritus
58%
Brûlure Ebullilave
58%
Paralysie Electacle
58%
Brûlure Evo-Flambo
58%
Brûlure Feu Sacré
58%
Brûlure Flamme Bleue
58%
Brûlure Pied Brûleur
58%
Sommeil Siffl'Herbe
58%
Brûlure Ballon Brûlant
50%
Sommeil Chant Antique
50%
Paralysie Elecanon
50%
Brûlure Feu d'Enfer
50%
Brûlure Jet de Vapeur
50%
Paralysie Plaquage
50%
Paralysie Rebond
50%
Brûlure Canicule
42%
Paralysie Charge Foudre
42%
Empoisonnement, Paralysie ou Sommeil Griffes Funestes
42%
Sommeil Grobisou
42%
Brûlure Incendie
42%
Empoisonnement Queue-Poison
42%
Brûlure Sable Ardent
42%
Paralysie Dracosouffle
33%
Paralysie Eclair Gelé
33%
Paralysie-Let's Go Evoli et Let's Go Pikachu Evo-Dynamo
33%
Empoisonnement Fil Toxique
33%
Paralysie Forte-Paume
33%
Empoisonnement Gaz Toxik
33%
Gel Lyophilisation
33%
Paralysie Pika-Splash
33%
Paralysie-Legendes Pokémon Arceus Typhon Fulgurant
33%
Gel Typhon Hivernal
33%
Brûlure Typhon Pyrosable
33%
Brûlure Bec-Canon
25%
Empoisonnement Blockhaus
25%
Empoisonnement grave Chaîne Malsaine
25%
Gel Coeur de Rancoeur
25%
Brûlure Crash Brûlant
25%
Paralysie Crash Musclé
25%
Empoisonnement Crash Toxique
25%
Empoisonnement Double Dard
25%
Paralysie Léchouille
25%
Empoisonnement Poison Croix
25%
Empoisonnement Purédpois
25%
Empoisonnement Toupie Eclat
25%
Brûlure-Légendes Pokémon Arceus Cortège Funèbre
17%
Sommeil Crash Obscur
17%
Brûlure Feu Glacé
17%
Brûlure | Empoisonnement | Gel | +2 others Force Cachée
17%
Empoisonnement Multitoxik
17%
Gel Regard Glaçant
17%
Brûlure Rempart Brûlant
17%
Aucun quiz correspondant
Distribution des résultats
% des personnes avec chaque résultat
Percentile par nombre de réponses
Votre historique - résultats
Vous n’avez pas pris ce quiz depuis la dernière actualisation